LEADER 01899nam0 2200445 i 450 001 VAN0126900 005 20230626023541.35 017 70$2N$a9783030165147 100 $a20200218d2019 |0itac50 ba 101 $aeng 102 $aCH 105 $a|||| ||||| 200 1 $aHermitian Analysis$eFrom Fourier Series to Cauchy-Riemann Geometry$fJohn P. D'Angelo 205 $a2. ed 210 $aCham$cBirkhauser$d2019 215 $ax, 229 p.$cill.$d24 cm 410 1$1001VAN0059063$12001 $aCornerstones$1210 $aBoston$cBirkhäuser$d2005-2013. 500 1$3VAN0236795$aHermitian Analysis$91732494 606 $a42Axx$xHarmonic analysis in one variable [MSC 2020]$3VANC020407$2MF 606 $a46Cxx$xInner product spaces and their generalizations, Hilbert spaces [MSC 2020]$3VANC024842$2MF 606 $a51F20$xCongruence and orthogonality in metric geometry [MSC 2020]$3VANC035630$2MF 610 $aCR-geometry$9KW:K 610 $aCauchy-Riemann Geometry$9KW:K 610 $aComplex Analysis$9KW:K 610 $aFourier series$9KW:K 610 $aGeometric Inequalities$9KW:K 610 $aHermitian Analysis$9KW:K 610 $aHilbert spaces$9KW:K 610 $aHolomorphic mappings$9KW:K 620 $aCH$dCham$3VANL001889 700 1$aD'Angelo$bJohn P.$3VANV098313$060384 712 $aBirkhäuser $3VANV108193$4650 801 $aIT$bSOL$c20230630$gRICA 856 4 $uhttp://doi.org/10.1007/978-3-030-16514-7$zE-book ? Accesso al full-text attraverso riconoscimento IP di Ateneo, proxy e/o Shibboleth 899 $aBIBLIOTECA DEL DIPARTIMENTO DI MATEMATICA E FISICA$1IT-CE0120$2VAN08 912 $fN 912 $aVAN0126900 950 $aBIBLIOTECA DEL DIPARTIMENTO DI MATEMATICA E FISICA$d08CONS e-book 1602 $e08eMF1602 20200218 996 $aHermitian Analysis$91732494 997 $aUNICAMPANIA LEADER 01890nam0 22004333i 450 001 VAN00184426 005 20240806101112.83 017 70$2N$a9783319500836 100 $a20210716d2017 |0itac50 ba 101 $aeng 102 $aCH 105 $a|||| ||||| 200 1 $aDiscrete Causal Theory$eEmergent Spacetime and the Causal Metric Hypothesis$fBenjamin F. Dribus 210 $aCham$cSpringer$d2017 215 $axxx, 558 p.$cill.$d24 cm 500 1$3VAN00184427$aDiscrete Causal Theory$92000199 606 $a81-XX$xQuantum theory [MSC 2020]$3VANC019967$2MF 606 $a81P10$xLogical foundations of quantum mechanics; quantum logic (quantum-theoretic aspects) [MSC 2020]$3VANC023583$2MF 606 $a83Dxx$xRelativistic gravitational theories other than Einstein's, including asymmetric field theories [MSC 2020]$3VANC034075$2MF 610 $aCausal graph$9KW:K 610 $aCausal set theory$9KW:K 610 $aCausal structure$9KW:K 610 $aEmergent geometry$9KW:K 610 $aEmergent spacetime$9KW:K 610 $aQuantum Gravity$9KW:K 610 $aQuantum Spacetime$9KW:K 610 $aQuantum cosmology$9KW:K 610 $aSpacetime structure$9KW:K 620 $aCH$dCham$3VANL001889 700 1$aDribus$bBenjamin F.$3VANV165069$0819537 712 $aSpringer $3VANV108073$4650 801 $aIT$bSOL$c20250221$gRICA 856 4 $uhttp://doi.org/10.1007/978-3-319-50083-6$zE-book ? Accesso al full-text attraverso riconoscimento IP di Ateneo, proxy e/o Shibboleth 899 $aBIBLIOTECA DEL DIPARTIMENTO DI MATEMATICA E FISICA$1IT-CE0120$2VAN08 912 $fN 912 $aVAN00184426 950 $aBIBLIOTECA DEL DIPARTIMENTO DI MATEMATICA E FISICA$d08DLOAD e-book 3086 $e08eMF3086 20210716 996 $aDiscrete Causal Theory$92000199 997 $aUNICAMPANIA